Development and change
Salvato in:
| Natura: | Periodico |
|---|---|
| Lingua: | inglese |
| Pubblicazione: |
Hague
Institute of Social Studies
2003
|
| Soggetti: | |
| Tags: |
Nessun Tag, puoi essere il primo ad aggiungerne!!
|
MARC
| LEADER | 00000nas2a2200000 4500 | ||
|---|---|---|---|
| 001 | 0056827 | ||
| 005 | 20230911080449.7 | ||
| 022 | |a 0012-155X | ||
| 041 | 0 | |a eng | |
| 044 | |a NL | ||
| 245 | 1 | 0 | |a Development and change |
| 264 | 1 | |a Hague |b Institute of Social Studies |c 2003 | |
| 773 | 0 | |w eu_un_cat*s124110 | |
| 610 | 2 | 0 | |a vývoj sociálny |
| 610 | 2 | 0 | |a systémy sociálne |
| 610 | 2 | 0 | |a krajiny rozvojové |